Football : équipe de France liste euro 2004 - Statistiques

Statistiques générales
  • Ce quiz a été pris 103 fois
  • Le résultat moyen est 16 sur 23
Statistiques - réponses
Club Poste Joueur % Correct
OM Gardien Barthez
98%
Arsenal Ailier Henry
96%
Real Madrid Milieu offensif Zidane
96%
Bayern Munich Latéral gauche Lizarazu
90%
Juventus Attaquant de pointe Trézéguet
88%
Arsenal Milieu gauche Pires
87%
Juventus Latéral droit Thuram
87%
OL Gardien Coupet
85%
Arsenal Milieu défensif Vieira
82%
Nantes Gardien Landreau
80%
Chelsea Milieu défensif Makélélé
76%
Bayern Munich Latéral droit Sagnol
73%
Chelsea Défenseur central Gallas
68%
Arsenal Ailier Wiltord
67%
OL Ailier Govou
62%
Manchester United Défenseur central Silvestre
55%
AS Monaco Milieu gauche Rothen
52%
AJ Auxerre Défenseur central Boumsong
51%
Fulham Attaquant de pointe Saha
41%
Sochaux Milieu défensif Pedretti
40%
Chelsea Défenseur central Dessaily
32%
AS Roma Milieu Dacourt
29%
OM Attaquant de pointe Marlet
26%
Aucun quiz correspondant
Distribution des résultats
% des personnes avec chaque résultat
Percentile par nombre de réponses
Votre historique - résultats
Vous n’avez pas pris ce quiz